00286nam a2200121Ia 4500008004100000082001500041100002100056245004000077250000800117260002300125300000800148650000800156191201s2008 xx 000 0 und d a658.3bDEP aDECNZO, Davidson 0aPersonnel Human Resource Management a3rd aN.DelhibPHIc2008 a637 aMBA